Culture Générale - Série 119 - Statistiques

Statistiques générales
  • Ce quiz a été pris 565 fois
  • Le résultat moyen est 6 sur 10
Statistiques - réponses
Question Réponse % Correct
Sur quel continent se trouve la région du Bengale ? Asie
97%
De quel pays est originaire l'emmental ? Suisse
91%
Quel gaz est symbolisé par la lettre "H" ? Hydrogène
88%
Sur quel empire a régné la dynastie des Romanov de 1613 à 1917 ? Russie
85%
De quelle île est originaire le mambo ? Cuba
60%
Quel personnage de l'univers de Walt Disney s'appelle Goofy en VO ? Dingo
53%
Dans "Friends", quel personnage est chef dans un restaurant ? Monica
44%
Dans quelle chanson Edith Piaf est-elle prête à se "teindre en blonde" ? L'Hymne à l'amour
30%
Qui était le cerveau et leader de "L'Agence tous risques" ? Hannibal Smith
25%
Pour Sully, quelle est la 2e mamelle de la France avec le pâturage ? Labourage
23%
Aucun quiz correspondant
Distribution des résultats
% des personnes avec chaque résultat
Percentile par nombre de réponses
Votre historique - résultats
Vous n’avez pas pris ce quiz